Normal view
MARC view
Entry Personal Name
001 - CONTROL NUMBER
- control field: 57656
003 - CONTROL NUMBER IDENTIFIER
- control field: dpl
005 - DATE AND TIME OF LATEST TRANSACTION
- control field: 20231005114205.0
008 - FIXED-LENGTH DATA ELEMENTS
- fixed length control field: 231005|| aca||aabn | a|a d
040 ## - CATALOGING SOURCE
- Original cataloging agency: dpl
- Transcribing agency: dpl
100 ## - HEADING--PERSONAL NAME
- Personal name: श्रीवास्तव, सुरेन्द्र
670 ## - SOURCE DATA FOUND
- Source citation: Work cat.: (dpl)197669: श्रीवास्तव, सुरेन्द्र, आज़ादी के 75 वर्षो में भारत की प्रगति/, 2022
